Платерн. О помощи семье Самаровых

Доступно только в Электронных читальных залах Найти на картеНа карте
RUSMARC
00004047nac2a22002893x 450
0018944e001-93b1-4a86-a66d-d0b9bbdd7179
00520211210095841.0
100##$a20211120l1911 k y0rusy50 ca
1010#$arus
102##$aRU
105##$ay z |||||
1220#$ad19111231
2001#$aПлатерн. О помощи семье Самаровых
$j1911
215##$a2 листа
251##$cДело
300##$aЗаголовок дела на папке: Письмо Платерна - Звегинцеву Ал. Ив. (О помощи семье Самаревич)
300##$aРукописный текст
330##$aВходит в раздел описи: 1. Письма к А. И. Звегинцову. 2/ Письма по служебной деятельности А. И. Звегинцова
461#0$1001fc48e33c-c630-4015-85dd-2f2aab656f45
$12001
$aЗвегинцев Александр Иванович, помещик Воронежской губернии, депутат III Государственной думы, член партии "Союз 17 октября"
$1251
$cФонд
$1852
$j932
462#0$1001ddcf82e7-7bd9-4c5e-b7f1-85df8b3febb3
$12001
$aДела постоянного хранения. 1899-1913 гг.
$vД. 273
$1251
$cОпись
$1852
$j1
5171#$aПисьмо Платерна - Звегинцеву Ал. Ив. (О помощи семье Самаревич)
600#1$aЗвегинцев
$bА. И.
$gАлександр Иванович
600#1$aПлатерн
600#1$aСамаревич
801#0$aRU
$bGA_RF
801#1$aRU
$bГлавНИВЦ
$c20211120
$2rusmarc
801#2$aRU
$bПБ им. Б.Н. Ельцина
$c20211210
$gRCR
$2rusmarc
852##$aГА РФ
$j273
937##$d171395618
$hГАРФ
035##$aRuPRLIB51062522
856##$uhttp://readingroom.main.prlib.ru/item.aspx?id_node=n171395618&mode=full
Формат отображения